000 01571nam a2200421 i 4500
001 53236
003 KOSZ 005
005 20200730122850.0
008 070326s2004 pl a f |000 0 pol d
020 _a8389184052
040 _cKOSZ 005
_aKOSZ 005
_dKOSZ 005/HR
041 0 _apol
046 _k2004
080 _a613.2
080 _a640/642
080 _a(075.3.053.7)
245 0 0 _aPodstawy żywienia człowieka /
_cDorota Czerwińska, Anna Kołłajtis-Dołowy, Katarzyna Kozłowska, Barbara Pietruszka.
260 _aWarszawa :
_bFormat AB,
_c2004.
300 _a208 s. ;
_c24 cm.
336 _2rdacontent
_aTekst
_btxt
337 _2rdamedia
_aBez urządzenia pośredniczącego
_bn
338 _2rdacarrier
_aWolumin
_bnc
380 _aKsiążki
380 _aPublikacje dydaktycxzne
385 _mPoziom nauczania
_aSzkoły wyższe
388 _a2001-
504 _aBibliogr.
521 _aPodręcznik szkolny do nauki zawodów: technik żywienia i gospodarstwa domowego, technik organizacji usług gastronomicznych, technik hotelarstwa, kelner, kucharz.
650 7 _aZdrowe odżywianie
650 7 _aŻywność
655 _aPodręczniki dla szkół zawodowych
700 1 _aCzerwińska, Dorota
_eAutor
700 1 _aKołłajtis-Dołowy, Anna
_eAutor
700 1 _aKozłowska, Katarzyna
_c(technolog żywności)
_eAutor
700 1 _aPietruszka, Barbara
_eAutor
856 _uhttp://koha.tu.koszalin.pl/cgi-bin/koha/opac-detail.pl?biblionumber=53236
_yKatalog online BPK
942 _cKS
_2UKD
999 _c53236
_d53236